Brida (Record no. 179852)

MARC details
000 -LEADER
fixed length control field 00338nam a2200145Ia 4500
008 - FIXED-LENGTH DATA ELEMENTS--GENERAL INFORMATION
fixed length control field 230917s9999||||xx |||||||||||||| ||und||
040 ## - CATALOGING SOURCE
-- 215915
Original cataloging agency VIVEKANANDA LIBRARY
041 ## - Language
-- English
082 ## - DDC NUMBER
Classification number 869.3 C65B
100 ## - MAIN ENTRY--PERSONAL NAME
Personal name Coelho, Paulo
245 #0 - TITLE STATEMENT
Title Brida
260 ## - PUBLICATION, DISTRIBUTION, ETC. (IMPRINT)
Place of publication, distribution, etc Noida
Name of publisher, distributor, etc HarperCollins Publishers
Date of publication, distribution, etc 2008
300 ## - PHYSICAL DESCRIPTION
Pages 266 p.
942 ## - ADDED ENTRY ELEMENTS (KOHA)
Koha item type Books
Holdings
Withdrawn status Lost status Damaged status Not for loan Location (home branch) Sublocation or collection (holding branch) Date acquired Koha issues (times borrowed) Koha full call number Accession No. Koha date last seen Koha item type
        VIVEKANANDA LIBRARY VIVEKANANDA LIBRARY 30/04/2014 1 869.3 C65B 346509 14/10/2023 Books
        VIVEKANANDA LIBRARY VIVEKANANDA LIBRARY 30/04/2014   869.3 C65B 346510 17/09/2023 Books
        VIVEKANANDA LIBRARY VIVEKANANDA LIBRARY 30/04/2014 1 869.3 C65B 346511 25/10/2024 Books
© Designed and Maintained by Vivekananda Library, MDU Rohtak